Values and work ethics (Record no. 7712)

MARC details
000 -LEADER
fixed length control field 00734nam a22002537i 4500
003 - CONTROL NUMBER IDENTIFIER
control field URS
005 - DATE AND TIME OF LATEST TRANSACTION
control field 20220114152837.0
008 - FIXED-LENGTH DATA ELEMENTS--GENERAL INFORMATION
fixed length control field 170525b xxu||||| |||| 00| 0 eng d
020 ## - INTERNATIONAL STANDARD BOOK NUMBER
International Standard Book Number 9789719905851
040 ## - CATALOGING SOURCE
Description conventions rda
Transcribing agency URSP-College LIbrary
Language of cataloging eng
050 ## - LIBRARY OF CONGRESS CALL NUMBER
Item number 174 Sa2v 2015
100 1# - MAIN ENTRY--PERSONAL NAME
Personal name Saidali, Margarita A.
245 ## - TITLE STATEMENT
Title Values and work ethics
Statement of responsibility, etc. Margarita A. Saidali
264 #1 - PRODUCTION, PUBLICATION, DISTRIBUTION, MANUFACTURE, AND COPYRIGHT NOTICE
Place of production, publication, distribution, manufacture Manila
Name of producer, publisher, distributor, manufacturer Mindshapers Company,Inc.
Date of production, publication, distribution, manufacture, or copyright notice 2015.
300 ## - PHYSICAL DESCRIPTION
Extent vii, 105 pages
Other physical details illustrations
Dimensions 23cm
336 ## - CONTENT TYPE
Content type term text
Content type code txt
Source rdacontent
337 ## - MEDIA TYPE
Media type term unmediated
Media type code n
Source rdamedia
338 ## - CARRIER TYPE
Carrier type term volume
Carrier type code nc
Source rdacarrier
500 ## - GENERAL NOTE
General note Includes references
650 #0 - SUBJECT ADDED ENTRY--TOPICAL TERM
Topical term or geographic name entry element Values.
650 #0 - SUBJECT ADDED ENTRY--TOPICAL TERM
Topical term or geographic name entry element Ethics.
700 1# - ADDED ENTRY--PERSONAL NAME
Personal name Saidali, Jamael Ferdinand R.
942 ## - ADDED ENTRY ELEMENTS (KOHA)
Koha item type Filipiniana
Source of classification or shelving scheme Library of Congress Classification
Holdings
Withdrawn status Source of classification or shelving scheme Damaged status Not for loan Collection code Home library Current library Shelving location Date acquired Source of acquisition Total Checkouts Full call number Barcode Date last seen Copy number Price effective from Koha item type
  Library of Congress Classification     Non-fiction Pililla College Library Pililla College Library General Stacks 02/18/2016 purchased   174 Sa2v 2015 URSPIL-5238 05/31/2019 6 02/18/2016 Filipiniana
  Library of Congress Classification     Non-fiction Pililla College Library Pililla College Library General Stacks 02/18/2016 purchased   174 Sa2v 2015 URSPIL-5239 05/31/2019 7 02/18/2016 Filipiniana
  Library of Congress Classification     Non-fiction Pililla College Library Pililla College Library General Stacks 02/18/2016 purchased   174 Sa2v 2015 URSPIL-5240 05/31/2019 8 02/18/2016 Filipiniana
  Library of Congress Classification     Non-fiction Pililla College Library Pililla College Library General Stacks 02/18/2016 purchased   174 Sa2v 2015 URSPIL-5241 05/31/2019 9 02/18/2016 Filipiniana
  Library of Congress Classification     Non-fiction Pililla College Library Pililla College Library General Stacks 02/18/2016 purchased   174 Sa2v 2015 URSPIL-5242. 05/31/2019 10 02/18/2016 Filipiniana

University of Rizal System
Email us at univlibservices@urs.edu.ph

Visit our Website www.urs.edu.ph/library